al-Tajribah al-dīmuqrāṭīyah fī al-Urdun /

Saved in:
Bibliographic Details
Main Author: ʻAjlānī, Muḥammad.
Format: Book
Language:Arabic
Published: ʻAmmān : Wizārat al-Thaqāfah, 1995.
Edition:al-Ṭabʻah 1.
Series:Dirāsāt (Jordan. Wizārat al-Thaqāfah)
Subjects:
Tags: Add Tag
No Tags, Be the first to tag this record!
LEADER 00818nam a2200253 a 4500
001 006347322-4
005 20120131150207.0
008 910614s1995 jo b f000|0 ara d
035 0 |a ocm37695610 
043 |a a-jo--- 
100 1 |a ʻAjlānī, Muḥammad. 
245 1 3 |a al-Tajribah al-dīmuqrāṭīyah fī al-Urdun /  |c Muḥammad al-ʻAjlānī. 
246 1 5 |a Democratic experience in Jordan. 
250 |a al-Ṭabʻah 1. 
260 0 |a ʻAmmān :  |b Wizārat al-Thaqāfah,  |c 1995. 
300 |a 122 p. ;  |c 24 cm. 
490 1 |a Manshūrāt Wizārat al-Thaqāfah. Dirāsāt 
504 |a Includes bibliographical references. 
650 0 |a Democracy  |z Jordan. 
651 0 |a Jordan  |x Politics and government. 
752 |a Jordan  |d Amman. 
830 0 |a Dirāsāt (Jordan. Wizārat al-Thaqāfah) 
988 |a 20020608 
906 |0 MH